000 00474nam a2200157 i 4500
001 88116
003 ES-MaACL
005 20230906175815.0
007 t|
008 050103s1962 sp ||||1| spa d
100 1 _aLafront, Auguste.
_969526
245 1 0 _aBibliografía de la prensa taurina francesa (1887-1961) /
_cAuguste Lafront.
260 _a[Madrid] :
_bEdición de Bibliófilos Taurinos,
_c1962.
300 _a55 p. ;
_c25 cm.
852 _aES-MaACL
_jC-25355
_bR.52038
999 _c88116
_d88116